Reklama, reprezentácia, sponzoring

Daňové posúdenie jednotlivých výdavkov vynaložených na činnosti, ktorých cieľom je určitým spôsobom prezentovať samotnú osobu daňovníka (FO alebo obchodnú spoločnosť), jej činnosť, poskytované služby alebo výrobky.

Guardado en:
Detalles Bibliográficos
Autor principal: Petrovická, Iveta
Formato: Capítulo de libro
Lenguaje:eslovaco
Materias:
Etiquetas: Agregar Etiqueta
Sin Etiquetas, Sea el primero en etiquetar este registro!

MARC

LEADER 00000naa a2200000 4500
001 0186739
005 20231114103902.1
041 0 |a slo 
044 |a SK 
245 1 0 |a Reklama, reprezentácia, sponzoring  |c Iveta Petrovická 
520 |a Daňové posúdenie jednotlivých výdavkov vynaložených na činnosti, ktorých cieľom je určitým spôsobom prezentovať samotnú osobu daňovníka (FO alebo obchodnú spoločnosť), jej činnosť, poskytované služby alebo výrobky. 
610 2 0 |a reklama 
610 2 0 |a náklady 
610 2 0 |a účtovanie nákladov 
610 2 0 |a sponzorovanie 
610 2 0 |a dane z príjmov 
100 1 |a Petrovická, Iveta